000 00434nam a2200181Ia 4500
001 15896
005 20260306170229.0
008 260306t2015||||xx |||||||||||||| ||und||
041 _aESP
082 _a620.1123
_bV66
100 _aVillarreal Castro, Genner
_eAUT
245 0 _aMecanica de materiales, practicas y examenes UPC
260 _c2015
300 _a
_c
650 _aGEN
654 _aCII
942 _cLIB
_dJUS
_fJUS
_2ddc
_n
999 _c15896
_d15896